000
00336 a2200157 4500
001
70422
020
_a
8572082417
040
_c
Anchieta - Itaigara
100
_a
Vieira, Bonifácio F
240
1
0
_a
Maria Mania
_l
por
245
1
0
_a
Maria Mania
300
_a
21
362
0
_a
1999
650
4
_a
Literatura infanto-juvenil
942
_c
BK
999
_c
70422
_d
70422